| 000 | 00962nam a22003137a 4500 | ||
|---|---|---|---|
| 003 | BCEG | ||
| 005 | 20260321134713.0 | ||
| 008 | 260321s2022 mx a||||||||||||||||spa|d | ||
| 020 | _a9789877478792 | ||
| 040 |
_aBCEG _bspa _cBCEG |
||
| 041 | _aspa | ||
| 082 | 0 | 4 |
_aCOM741.5942 _bO818h |
| 100 | 1 |
_aOseman, Alice, _d1994-. |
|
| 245 | 1 | 0 |
_aHeartstopper _b: el anuario. |
| 260 |
_aCiudad de México : _bVR Editoras, _c2022. |
||
| 300 |
_a158 p. : _bil. |
||
| 500 | _aIncluye historia corta de Tara y Darcy (nuevo cómic) . | ||
| 521 | _aClasificación B: Para público de 13 años en adelante. | ||
| 534 |
_pTítulo original: _tThe heartstopper yearbook. |
||
| 535 | _aDisponible en la Comicteca. | ||
| 541 | _aCompra. | ||
| 546 | _aTexto en español. | ||
| 650 | 1 | 4 | _aNovela gráfica inglesa. |
| 650 | 1 | 4 | _aMovimiento LGBT. |
| 700 | 1 |
_aCorbetto, Melisa, _edir. |
|
| 700 | 1 |
_aAranda, Cecilia, _eadap. |
|
| 700 | 1 |
_aFusco, Vanesa, _etr. |
|
| 942 | _cBK | ||
| 999 |
_c437120 _d437120 |
||